Normal view MARC view
  • MOHRI, MEHRYAR

Entry Personal Name

Number of records used in: 1

001 - CONTROL NUMBER

  • control field: 89745

003 - CONTROL NUMBER IDENTIFIER

  • control field: NUST

005 - DATE AND TIME OF LATEST TRANSACTION

  • control field: 20220228101644.0

008 - FIXED-LENGTH DATA ELEMENTS

  • fixed length control field: 220228|| aca||aabn | a|a d

040 ## - CATALOGING SOURCE

  • Original cataloging agency: NUST
  • Transcribing agency: NUST

100 ## - HEADING--PERSONAL NAME

  • Personal name: MOHRI, MEHRYAR

670 ## - SOURCE DATA FOUND

  • Source citation: Work cat.: (NUST): MOHRI, MEHRYAR., FUNDATIONS OF NACHINE LEARNING / , 2018.
© 2023 Central Library, National University of Sciences and Technology. All Rights Reserved.